000
00297nam a2200109Ia 4500
008
171211s9999 xx 000 0 und d
245
_a
Molecular Mycorrhizal Symbiosis
245
_c
Francis Martin
260
_c
2016
650
_x
ANIMALS
856
_u
http://down.ebook777.com/041/9781118951415.pdf
999
_c
348519
_d
348519